Kyrgyzstan Country Quiz - Statistics

General Stats
  • This quiz has been taken 305 times
    136 since last reset
  • The average score is 12 of 15
Answer Stats
Answer % Correct
Kazakhstan
97%
Russian
97%
Tajikistan
97%
Bishkek
96%
China
96%
Soviet Union
96%
Uzbekistan
96%
Islam
95%
Silk Road
88%
Kyrgyz
85%
Gold
81%
Yurt
66%
Som
51%
Epic of {Manas}
41%
40
37%
No matching quizzes found
Score Distribution
Percent of People with Each Score
Percentile by Number Answered
Your Score History
You have not taken this quiz since the last reset